Elaboración artesanal de frutas y hortalizas
| Main Author: | |
|---|---|
| Format: | Section = Libro |
| Language: | Undetermined Spanish |
| Published: |
España
Acribia
1992
|
| Subjects: |
| LEADER | 00530nam a2200205Ia 4500 | ||
|---|---|---|---|
| 008 | 240830s9999 xx 000 0 und d | ||
| 020 | |a 84-200-0730-7 | ||
| 040 | |a CEDOC FIQ-RUSB / 641.22 D677 | ||
| 041 | |a spa | ||
| 082 | |a 641.22 D677 | ||
| 100 | 1 | |a Donath, Erhard | |
| 245 | 1 | 0 | |a Elaboración artesanal de frutas y hortalizas |
| 260 | |a España |b Acribia |c 1992 | ||
| 300 | |a 135 p. :il | ||
| 650 | 7 | |a VINO DE FRUTAS | |
| 650 | 7 | |b HORTALIZAS | |
| 650 | 7 | |c CONSERVAS ALIMENTICIAS | |
| 942 | |c BK |2 ddc | ||
| 991 | |a TEXTO | ||
| 999 | |c 14209 | ||